Dependencia y subdesarrollo (Record no. 87594)

000 -CABECERA
campo de control de longitud fija 00847nab#a2200265#c#4500
003 - IDENTIFICADOR DEL NÚMERO DE CONTROL
campo de control IEF
005 - FECHA Y HORA DE LA ÚLTIMA TRANSACCIÓN
campo de control 20220714091710.0
008 - CÓDIGOS DE INFORMACIÓN DE LONGITUD FIJA
campo de control de longitud fija 950704s1976 uuu|| #####0 b| |u
040 ## - FUENTE DE LA CATALOGACIÓN
Centro catalogador de origen IEF
Centro transcriptor ES-MaIEF
100 1# - PUNTO DE ACCESO PRINCIPAL - NOMBRE DE PERSONA
Nombre de persona Nadal Farreras, Joaquim
9 (RLIN) 28707
245 10 - MENCIÓN DE TÍTULO
Título Dependencia y subdesarrollo
Resto del título el caso canario. Nota sobre las relaciones comerciales entre Gran Bretaña y las Islas Canarias 1809-1914
Mención de responsabilidad etc. Joaquim Nadal-Farreras
260 ## - PUBLICACIÓN, DISTRIBUCIÓN, ETC. (PIE DE IMPRENTA)
Fecha de publicación distribución etc. 1976
500 ## - NOTA GENERAL
Nota general Bibliografía.
650 #4 - PUNTO DE ACCESO ADICIONAL DE MATERIA--TÉRMINO DE MATERIA
Término de materia o nombre geográfico como elemento inicial REINO UNIDO
9 (RLIN) 48241
650 #4 - PUNTO DE ACCESO ADICIONAL DE MATERIA--TÉRMINO DE MATERIA
Término de materia o nombre geográfico como elemento inicial CANARIAS
9 (RLIN) 33509
650 #4 - PUNTO DE ACCESO ADICIONAL DE MATERIA--TÉRMINO DE MATERIA
Término de materia o nombre geográfico como elemento inicial RELACIONES ECONOMICAS
9 (RLIN) 48243
650 #4 - PUNTO DE ACCESO ADICIONAL DE MATERIA--TÉRMINO DE MATERIA
Término de materia o nombre geográfico como elemento inicial COMERCIO
9 (RLIN) 38116
650 #4 - PUNTO DE ACCESO ADICIONAL DE MATERIA--TÉRMINO DE MATERIA
Término de materia o nombre geográfico como elemento inicial DESARROLLO ECONOMICO
9 (RLIN) 50224
650 #4 - PUNTO DE ACCESO ADICIONAL DE MATERIA--TÉRMINO DE MATERIA
Término de materia o nombre geográfico como elemento inicial HISTORIA ECONOMICA
9 (RLIN) 45401
650 #4 - PUNTO DE ACCESO ADICIONAL DE MATERIA--TÉRMINO DE MATERIA
Término de materia o nombre geográfico como elemento inicial SIGLO XIX
9 (RLIN) 48415
773 0# - ENLACE AL DOCUMENTO FUENTE
Título Hacienda pública española
Número de control del registro relacionado 34570
Parte(s) relacionada(s) 38, p. 157-169
942 ## - ELEMENTOS DE PUNTO DE ACCESO ADICIONAL (KOHA)
Fuente del sistema de clasificación o colocación
942 ## - ELEMENTOS DE PUNTO DE ACCESO ADICIONAL (KOHA)
Fuente del sistema de clasificación o colocación
Holdings
Estado de retiro Estado de pérdida Estado dañado No para préstamo Localización permanente Fecha de adquisición Signatura topográfica completa Código de barras Fecha visto por última vez Precio válido a partir de Tipo de ítem Koha
      Disponible para préstamo IEF 1995-07-04 HPE/1976/38-11 HPE/1976/38-11 2018-02-19 2018-02-19 Artículos

Powered by Koha